00944nac a22002651u 4500010001700000020001500017020003300032035002000065082001900085090001500104100003400119245006200153246001800215250006100233260004900294300003500343504005100378650001900429650001900448700003400467700001900501942002100520999001500541952012200556 a 2001020899 a0702026174 a0702026182 (intl. stud. ed.) a(DNLM)10109107000a615.321bEv151 c3092d3092 aEvans, William Charles 10aTrease and Evans' pharmacognosy /cWilliam Charles Evans.30aPharmacognosy a15th ed. /brevised with the assistance of Daphne Evans. aEdinburgh ;aNew York :bWB Saunders,c2002. aviii, 585 p. :bill. ;c29 cm. aIncludes bibliographical references and index. 0aPharmacognosy. 0aPharmacognosy.1 aTrease, George Edward,d1902-1 aEvans, Daphne. cBBk615.321Ev151 c3092d3092 00104070aMAINbMAINc1STd2007-03-20ePurchasel3m23o615.321 EVAp000001131r2025-11-25 00:00:00s2025-08-20yBB